|
|
|
|
| LEADER |
01246nam a22003494a 4500 |
| 001 |
EBC231728 |
| 003 |
MiAaPQ |
| 005 |
20200520144314.0 |
| 006 |
m o d | |
| 007 |
cr cn||||||||| |
| 008 |
050203s2005 njua sb 001 0 eng |
| 010 |
|
|
|z 2005003086
|
| 020 |
|
|
|z 0471719838 (cloth)
|
| 035 |
|
|
|a (MiAaPQ)EBC231728
|
| 035 |
|
|
|a (Au-PeEL)EBL231728
|
| 035 |
|
|
|a (CaPaEBR)ebr10114223
|
| 035 |
|
|
|a (CaONFJC)MIL27702
|
| 035 |
|
|
|a (OCoLC)228124504
|
| 040 |
|
|
|a MiAaPQ
|c MiAaPQ
|d MiAaPQ
|
| 050 |
|
4 |
|a HG4028.C4
|b D45 2005
|
| 082 |
0 |
4 |
|a 332/.0415
|2 22
|
| 100 |
1 |
|
|a Denning, Dan.
|
| 245 |
1 |
4 |
|a The bull hunter
|h [electronic resource] :
|b tracking today's hottest investments /
|c Dan Denning.
|
| 260 |
|
|
|a Hoboken, N.J. :
|b Wiley,
|c c2005.
|
| 300 |
|
|
|a x, 225 p. :
|b ill.
|
| 504 |
|
|
|a Includes bibliographical references (p. 215-218) and index.
|
| 533 |
|
|
|a Electronic reproduction. Ann Arbor, MI : ProQuest, 2015. Available via World Wide Web. Access may be limited to ProQuest affiliated libraries.
|
| 650 |
|
0 |
|a Capital investments.
|
| 650 |
|
0 |
|a Bull markets.
|
| 655 |
|
4 |
|a Electronic books.
|
| 710 |
2 |
|
|a ProQuest (Firm)
|
| 856 |
4 |
0 |
|u https://ebookcentral.proquest.com/lib/matrademy/detail.action?docID=231728
|z Click to View
|